000 00628nam a2200229 a 4500
001 71740
003 BD-RjUL
005 20211209082144.0
008 170507s1960 nyua b 001 0 eng
035 _a(BD-RjUL)71956
040 _aDLC
_cODaWU
_dOCoLC
_dBD-RjUL
_beng
041 _aeng
082 _a534.55
_223
_bCAU 1960
100 1 _aCarlin, Benson,
_d1915-
_9160009
245 1 0 _aUltrasonics /
_cBenson Carlin
250 _a2nd ed.
260 _aNew York :
_bMcGraw-Hill Book Co.,
_c1960.
300 _aix, 309 p. :
_bill. ;
_c24 cm.
500 _aIncludes Indexes
650 0 _aUltrasonic waves.
_9155326
942 _2ddc
_cBK
999 _c71740
_d71740